000 00573nam a2200193Ia 4500
003 LDD
008 181029s9999 xx 000 0 und d
020 _a120121689
_cUS
_140.00
040 _cLDD
100 _aTseng, Chau-Wen
245 0 _aAdvances in computers
_bcomputational biology and bioinformatics
_cChau-Wen Tseng
260 _aNew York
_bOxford
_c2006
300 _avii, 315p.
365 _bUS
_140.00
901 _a3612
_b04-01-2007
902 _aIN3208
_b04-01-2007
_cF
_dSB
_e0
903 _aDiscount-10
_bReqst by : Jagannathan, N
942 _2ddc
_cBK
999 _c76908
_d76908